| 000 | 00000nam##2200000za#4500 |
| 001 | 9.581640 |
| 003 | CaOODSP |
| 005 | 20210624191618 |
| 007 | cr ||||||||||| |
| 008 | 150406|2015||||xxc|||||o f|0| 0 eng|d |
| 040 | |aCaOODSP|beng |
| 043 | |an-cn--- |
| 086 | 1 |aXC59-1/1-412-34E-PDF |
| 110 | 1 |aCanada. |bParliament. |bHouse of Commons. |bStanding Committee on Procedure and House Affairs. |
| 245 | 10|a[Question of privilege regarding the free movement of Members within the Parliamentary Precinct] / |h[electronic resource]|cJoe Preston, Chair. |
| 260 | |aOttawa - Ontario : |bHouse of Commons. |c[March 2015]. |
| 300 | |a10p.|breferences |
| 490 | 1 |aReport of the Standing Committee on Procedure and House Affairs|vThirty-fourth report, 41st parliament, 2nd session |
| 590 | |a15-13|b2015-03-27 |
| 775 | 08|t[Question de privilège concernant la libre circulation des députés au sein de la Cité parlementaire] / |w(CaOODSP)9.608407 |
| 830 | #0|aReport of the Standing Committee on Procedure and House Affairs ;|vThirty-fourth report, 41st parliament, 2nd session|w(CaOODSP)9.506911 |
| 856 | 40|ahttp://publications.gc.ca|qPDF|s328 KB|uhttps://publications.gc.ca/collections/collection_2015/parl/xc59-1/XC59-1-1-412-34-eng.pdf|yThirty-fourth report, 41st parliament, 2nd session |